zpět

Detail výsledku týmu

Trojka, Brno

Datum a čas kvízu

26.5 Celkem bodů Celkový počet nahraných bodů na tomto kvízu bez doplňovacích otázek.
7. Pořadí na kvízu Konečné umístění týmu na tomto kvízu.

Zaznamenané odpovědi

# Otázka Odpověď Body Výsledky
1. V areálu Veterinární univerzit... C) kůň Barbie 0
2. Nebývá zvykem, aby politik zas... Emily v Paříži/ Emily in Paris 1
3. Od čtvrtka do soboty měly tisí... Hra o trůny/Game of Thrones 1
4. Nápad vědců z brněnské Mendelo... B) mangové pecky 1
5. Který obrovsky úspěšný sportov... Rafael Nadal 0
6. Hned na začátku tohoto tématu... pekanové (0,5 b.), makadamové (1 b.) 1
7. V jedné populární české písnič... Báječná ženská, Michal Tučný 0.5
8. Jak se jedním kratším slovem n... gola 1
9. Který oříšek se na české Wikip... muškátový 1
10. Který z těchto výroků o pohádc... A 1